000 00704nam a2200253Ia 4500
003 OSt
005 20221006153131.0
006 a|||||r|||| 00| 0
007 ta
008 221006b |||||||| |||| 00| 0 jpn d
024 _a31,382
037 _bGift, Donated By Prof. Sonoko Hijikata
_cTextual
040 _aEASL
_cEASL
_bjpn
041 _2jpn
_ajpn
082 _aT1.42, L8
100 _aMIZOGUCHI Kenzo
_9662578
245 0 _aKyoiku no hekichi(ji)
260 _aTokyo
_bNihon Hoso Japan
_c1978
300 _a216p.
_ccm.
490 _v JL
650 _aJL
942 _hT1.42, L8
_cTEXL
_2CC
999 _c1099468
_d1099468